01522nam a2200409 i 450000100060000000300080000600500170001400600190003100700150005000800410006502000180010603500230012403500240014703500250017103500210019604000310021705000230024808200150027110000350028624500640032125000230038526400820040830000250049033600310051533700330054633800430057950400600062259001640068265000400084665000360088665000330092265000320095565500270098779700190101485600620103399900170109547391FlNmELB20241216231848.0m o d | cr cnu||||||||131105s2009 pe ob 000 0 spa d z9789972429033 a(MiAaPQ)EBC3214622 a(Au-PeEL)EBL3214622 a(CaPaEBR)ebr10751267 a(OCoLC)992036887 aFINmELBbspaerdacFINmELB 4aKHQ2817b.L43 20090 a347.092231 aLedesma Narváez, Marianella.10aJurisdicción y arbitraje /cMarianella Ledesma Narváez. aPrimera edición. 1aLima :bFondo Editorial, Pontificia Universidad Católica del Perú,c2009. a1 recurso en línea atextobtxt2rdacontent/spa acomputadorabc2rdamedia/spa arecurso en líneabcr2rdacarrier/spa aIncludes bibliographical references (pages. [229]-234). aRecurso electrónico. Santa Fe, Arg.: e-libro, 2015. Disponible vía World Wide Web. El acceso puede estar limitado para las bibliotecas afiliadas a e-libro. 4aArbitraje y adjudicaciónzPerú. 4aRemedios provisionaleszPerú. 0aArbitration and awardzPeru. 0aProvisional remedieszPeru. 4aLibros electrónicos.2 ae-libro, Corp.40uhttps://elibro.net/ereader/politecnicointernacional/79336 c47391d47391